Red white and royal blue (Record no. 240940)
[ view plain ]
| 000 -LEADER | |
|---|---|
| fixed length control field | 01242nam a22002177a 4500 |
| 003 - CONTROL NUMBER IDENTIFIER | |
| control field | St Aloysius Coll |
| 005 - DATE AND TIME OF LATEST TRANSACTION | |
| control field | 20260223135614.0 |
| 008 - FIXED-LENGTH DATA ELEMENTS--GENERAL INFORMATION | |
| fixed length control field | 260221b |||||||| |||| 00| 0 eng d |
| 020 ## - INTERNATIONAL STANDARD BOOK NUMBER | |
| International Standard Book Number | 9781035035205 |
| 040 ## - CATALOGING SOURCE | |
| Transcribing agency | AL |
| 041 ## - LANGUAGE CODE | |
| Language code of text/sound track or separate title | English |
| 082 ## - DEWEY DECIMAL CLASSIFICATION NUMBER | |
| Item number | MCQR |
| Classification number | 813.6 |
| 100 ## - MAIN ENTRY--PERSONAL NAME | |
| Personal name | Casey McQuiston |
| 9 (RLIN) | 256380 |
| 245 ## - TITLE STATEMENT | |
| Title | Red white and royal blue |
| 260 ## - PUBLICATION, DISTRIBUTION, ETC. | |
| Place of publication, distribution, etc. | London |
| Name of publisher, distributor, etc. | Macmillan |
| Date of publication, distribution, etc. | 2022 |
| 300 ## - PHYSICAL DESCRIPTION | |
| Extent | 440p. |
| Other physical details | PB |
| Dimensions | 19.5x13cm |
| 365 ## - TRADE PRICE | |
| Source of price type code | General |
| Price type code | 6073 |
| Price amount | ₹479.00 |
| Currency code | ₹ |
| Unit of pricing | ₹599.00 |
| Price note | 20% |
| Price effective from | 17/02/2026 |
| 520 ## - SUMMARY, ETC. | |
| Summary, etc. | About the Book: Red, White and Royal Blue "" Instant New York Times and USA Today bestseller What happens when Americas First Son falls in love with the Prince of Wales? When his mother became President, Alex Claremont-Diaz was promptly cast as the American equivalent of a young royal. Handsome, charismatic, genius—his image is pure millennial-marketing gold for the White House. Theres only one problem: Alex has a beef with the actual prince, Henry, across the pond. And when the tabloids get hold of a photo involving an Alex-Henry altercation, U.S./British relations take a turn for the worse. Heads of family, state, and other handlers |
| 650 ## - SUBJECT ADDED ENTRY--TOPICAL TERM | |
| Source of heading or term | Literature |
| Topical term or geographic name entry element | American Literature |
| 9 (RLIN) | 256446 |
| 942 ## - ADDED ENTRY ELEMENTS (KOHA) | |
| Source of classification or shelving scheme | Dewey Decimal Classification |
| Koha item type | Book |
| Withdrawn status | Lost status | Source of classification or shelving scheme | Damaged status | Not for loan | Collection code | Home library | Current library | Date acquired | Source of acquisition | Cost, normal purchase price | Total Checkouts | Full call number | Barcode | Date last seen | Cost, replacement price | Price effective from | Koha item type |
|---|---|---|---|---|---|---|---|---|---|---|---|---|---|---|---|---|---|
| Dewey Decimal Classification | MA English | St Aloysius PG Library | St Aloysius PG Library | 02/20/2027 | Biblios Book Point | 479.00 | 813.6 MCQR | PG025197 | 02/21/2026 | 599.00 | Book |